| 000 | 00622nam a22001817a 4500 | ||
|---|---|---|---|
| 999 |
_c62304 _d62304 |
||
| 005 | 20240920153316.0 | ||
| 008 | 240920s2023 enk||||| |||| 00| 0 eng d | ||
| 020 | _a9781119847182x | ||
| 041 | _aeng | ||
| 080 | _a61:575 S-70 | ||
| 100 |
_aSolomon, Benjamin D. _923260 |
||
| 245 |
_aMedical Genetics and Genomics: _bQuestions for Board Review / _cBenjamin D. Solomon. |
||
| 264 |
_aOxford : _bWiley-Blackwell, _c2023. |
||
| 300 |
_a176 p.; _b25 cm. |
||
| 653 | _aსამედიცინო გენეტიკა | ||
| 653 | _aსამედიცინო გენომიკა | ||
| 942 |
_2udc _cᲬᲘᲒᲜᲘ |
||